Japanese Provinces - Statistics

General Stats
  • This quiz has been taken 16 times
  • The average score is 28 of 71
Answer Stats
Gokishichido (Hint) Answer (Provinces) % Correct
Tokaido Musashi
69%
Tokaido Owari
69%
Tokaido Ise
63%
Tokaido Kai
63%
Tokaido Mikawa
63%
Tosando Mutsu
63%
Tosando Shinano
63%
Nankaido Tosa
63%
Kinai Yamato
63%
Hokurikudo Echigo
56%
Tokaido Izu
56%
Tosando Mino
56%
Saikaido Satsuma
56%
Sanyodo Aki
50%
Tokaido Awa
50%
Nankaido Awa
50%
Saikaido Hyuga
50%
Tokaido Iga
50%
Kinai Yamashiro
50%
Nankaido Awaji
44%
Sanyodo Bizen
44%
Saikaido Bungo
44%
Saikaido Buzen
44%
Saikaido Chikuzen
44%
Hokurikudo Echizen
44%
Tosando Hida
44%
Nankaido Iyo
44%
Hokurikudo Kaga
44%
Tokaido Suruga
44%
Saikaido Tango
44%
Saikaido Chikugo
38%
Sanyodo Harima
38%
Saikaido Higo
38%
Tosando Hitachi
38%
Saikaido Hizen
38%
Kinai Izumi
38%
Kinai Kawachi
38%
Sanyodo Nagato
38%
Hokurikudo Sado
38%
Kinai Settsu
38%
Sanyodo Suo
38%
Saikaido Tanba
38%
Saikaido Tsushima
38%
Hokurido Wakasa
38%
Sanyodo Bitchu
31%
Hokurikudo Etchu
31%
Tokaido Kazusa
31%
Nankaido Kii
31%
Hokurikudo Noto
31%
Sanindo Oki
31%
Tosando Omi
31%
Saikaido Osumi
31%
Nankaido Sanuki
31%
Tosando Shimotsuke
31%
Sanindo Tajima
31%
Tokaido Totomi
31%
Sanindo Inaba
25%
Tosando Kozuke
25%
Sanyodo Mimasaka
25%
Tokaido Shima
25%
Tosando Ugo
25%
Tosando Uzen
25%
Saikaido Iki
19%
Tosando Iwaki
19%
Sanindo Iwami
19%
Tosando Rikuchu
19%
Tosando Rikuzen
19%
Tokaido Sagami
19%
Tosando Shimosa
19%
Tosando Iwashiro
13%
Saikaido Tane
6%
No matching quizzes found
Score Distribution
Percent of People with Each Score
Percentile by Number Answered
Your Score History
You have not taken this quiz